| Tag |
First Indicator |
Second Indicator |
Subfields |
| LEADER |
00000pam a2200000 a 4500 |
| 001 |
in00000525905 |
| 005 |
20151013092302.0 |
| 008 |
831011s1984 njua b 00110 eng |
| 010 |
|
|
|a 83043091
|
| 020 |
|
|
|a 0691076731 (alk. paper) :
|c $25.00
|
| 020 |
|
|
|a 0691022259 (pbk. : alk. paper) :
|c $8.95
|
| 035 |
|
|
|a (OCoLC)10072273
|
| 035 |
|
|
|9 ACG0046AM
|
| 039 |
0 |
|
|a 2
|b 3
|c 3
|d 3
|e 3
|
| 040 |
|
|
|a DLC
|c DLC
|d TXA
|d UtOrBLW
|
| 043 |
|
|
|a n-us---
|
| 049 |
|
|
|a TXAM
|
| 050 |
0 |
0 |
|a JK2261
|b .R67 1984
|
| 082 |
0 |
|
|a 324.273/09
|2 19
|
| 100 |
1 |
|
|a Rosenstone, Steven J.
|
| 245 |
1 |
0 |
|a Third parties in America :
|b citizen response to major party failure /
|c Steven J. Rosenstone, Roy L. Behr, Edward H. Lazarus.
|
| 264 |
|
1 |
|a Princeton, N.J. :
|b Princeton University Press,
|c [1984]
|
| 264 |
|
4 |
|c ©1984
|
| 300 |
|
|
|a viii, 266 pages :
|b illustrations ;
|c 23 cm.
|
| 336 |
|
|
|a text
|b txt
|2 rdacontent
|
| 337 |
|
|
|a unmediated
|b n
|2 rdamedia
|
| 338 |
|
|
|a volume
|b nc
|2 rdacarrier
|
| 500 |
|
|
|a Includes index.
|
| 504 |
|
|
|a Bibliography: pages [245]-255.
|
| 650 |
|
0 |
|a Third parties (United States politics)
|x History.
|
| 650 |
|
0 |
|a Elections
|z United States
|x History.
|
| 700 |
1 |
|
|a Behr, Roy L.,
|d 1958-
|
| 700 |
1 |
|
|a Lazarus, Edward H.,
|d 1959-
|
| 999 |
|
|
|a MARS
|
| 999 |
f |
f |
|s be19102f-d20a-356d-aea9-6e1ec7b8f55d
|i 900a15c8-117c-38fa-b485-f91888390598
|t 0
|
| 952 |
f |
f |
|p ric
|a Texas A&M University
|b Rellis Campus
|c Joint Library Facility
|d Remote Storage
|t 0
|e JK2261 .R67 1984
|h Library of Congress classification
|i unmediated -- volume
|m A14808090200
|
| 998 |
f |
f |
|a JK2261 .R67 1984
|t 0
|l Remote Storage
|